000 00306nam a22001337a 4500
020 _a978-81-265-3223-0
041 _aENG
100 _aChipman.L.K
245 _aRemote Sensing And Image Interpretation
260 _aDelhi
_bWiley India
_c1996
300 _a756
650 _aSWCE
856 _uSWCE ( 43 )
999 _c1972
_d1972